000 00510nmm a2200169Ia 4500
008 251105s9999||||xx |||||||||||||||||und||
020 _a8499402437
041 _aspa
100 _aCaballero Wangüemert, María M.
245 0 _aMujeres de cine. 360º alrededor de la cámara
264 _a[Madrid, España] :
_bMinerva Ediciones,
_c2011
300 _a384 páginas
490 _aEstudios sobre la mujer
650 _aFilm studies
856 _uhttps://public.digitaliapublishing.com/a/10394
942 _cCF
999 _c74289
_d74289